01145cam a2200349 i 450000100060000000300090000600500170001500800390003202000180007104000280008904600090011708000110012608000120013710000460014924500790019525000220027426000480029630000280034433600270037233700540039933800280045338000160048138500390049738800140053638800100055050400320056065000260059265500300061865800150064871000340066385600980069756501KOSZ 00520200505121615.0090715s2007 pl a f f |001 0 pol a9788301146795 cWA NaWA NdKOSZ 005/HR k1988 a514.18 a(075.8)1 aGrochowski, Bogusławd(1923-2011)eAutor10aGeometria wykreślna z perspektywą stosowaną /cBogusław Grochowski. aWyd. 6 (3 dodr.). aWarszawa :bWydawnictwo Naukowe PWN,c2007. a331 s. :bil. ;c24 cm. 2rdacontentaTekstbtxt 2rdamediaaBez urządzenia pośredniczącegobn 2rdacarrieraWoluminbnc aKsiążki mPoziom nauczaniaaSzkoły wyższe a1901-2000 a2001- aBibliogr. s. [328]. Indeks. 4aGeometria wykreślna 4aPodręczniki akademickie aMatematyka2 aWydawnictwo Naukowe PWN4pbl. uhttp://koha.tu.koszalin.pl/cgi-bin/koha/opac-detail.pl?biblionumber=56501yKatalog online BPK